| 000 | 00329nam a22001337a 4500 | ||
|---|---|---|---|
| 040 | _cNust | ||
| 082 |
_a514.20520 _bMUN |
||
| 100 |
_aMUNKRES, R James _9123612 |
||
| 245 | _aTopology | ||
| 250 | _a2nd Edition | ||
| 260 |
_aIslamabad: _bNational Book Foundation Islamabad, _c2007. |
||
| 650 |
_aTopology _98513 |
||
| 942 |
_2ddc _cBK |
||
| 999 |
_c609744 _d609744 |
||